Nhập môn Freud
Sách nằm trong bộ sách "Nhập môn" nhằm giới thiệu đến đông đảo người đọc chân dung và hành trình tư tưởng của nhiều khuôn mặt lớn trong lịch sử nhân loại, từ Đức Phật, Platon, Aristote, Freud đến Kant... thông qua hình thức truyện t...
Saved in:
| Main Author: | |
|---|---|
| Format: | Book |
| Language: | Undetermined |
| Published: |
Thành phố Hồ Chí Minh
Trẻ
2006
|
| Subjects: | |
| Tags: |
Add Tag
No Tags, Be the first to tag this record!
|
| Institutions: | Trung tâm Học liệu Trường Đại học Cần Thơ |
|---|
| LEADER | 01093nam a2200229Ia 4500 | ||
|---|---|---|---|
| 001 | CTU_132837 | ||
| 008 | 210402s9999 xx 000 0 und d | ||
| 020 | |c 26000 | ||
| 082 | |a 150.19 | ||
| 082 | |b A647 | ||
| 100 | |a Appignanesi, Richard | ||
| 245 | 0 | |a Nhập môn Freud | |
| 245 | 0 | |c Richard Appignanesi, Oscar Zarate ; Trần Tiễn Cao Đăng dịch ; Bùi Nam Sơn hiệu đính | |
| 260 | |a Thành phố Hồ Chí Minh | ||
| 260 | |b Trẻ | ||
| 260 | |c 2006 | ||
| 520 | |a Sách nằm trong bộ sách "Nhập môn" nhằm giới thiệu đến đông đảo người đọc chân dung và hành trình tư tưởng của nhiều khuôn mặt lớn trong lịch sử nhân loại, từ Đức Phật, Platon, Aristote, Freud đến Kant... thông qua hình thức truyện tranh sinh động. | ||
| 650 | |a Psychoanalysts,Nhà phân tâm học | ||
| 650 | |x Biography,Tiểu sử,Nước Áo | ||
| 650 | |z Austria | ||
| 904 | |i Giang | ||
| 980 | |a Trung tâm Học liệu Trường Đại học Cần Thơ | ||